| 000 | 00866nas a2200253 4500 | ||
|---|---|---|---|
| 001 | BR0900227 | ||
| 003 | BR-BrBNA | ||
| 005 | 20231205113005.0 | ||
| 007 | ta | ||
| 008 | 230509b bl.|||p| |||| 00| 00por d | ||
| 040 |
_aBR-BrBNA _bpor _cBiblioteca Nacional de Agricultura |
||
| 041 | _a(Pt) | ||
| 072 | _aF03 | ||
| 100 | 1 | _aMelo, P.T.B.S. | |
| 100 | 1 | _aBarros, A.C.S.A. | |
| 245 | 1 | _aSituação da produção de sementes de Trevo branco (Trifolium repens L.), Cornichão (Lotus corniculatus L)e Lotus anual (Lotus subbiflorus Lag)no Rio Grande do Sul. | |
| 650 | _aPRODUÇÃO SEMENTE | ||
| 650 | _aCORNICHÃO | ||
| 650 | _aLOTUS | ||
| 650 | _aRIO GRANDE DO SUL | ||
| 773 | 0 |
_tRevista Brasileira de Agrociência (Brazil) _xISSN 0104-8996 _g(Jan-Mar 2005), v. 11(1) p. 13-18 _wBR0900227 |
|
| 909 |
_a202311 _bLúcia _c55 _dLúcia Elande |
||
| 942 |
_2AGRIS _n0 _cANA |
||
| 999 |
_c201205 _d201205 |
||